000 01133nam a2200205 a 4500
001 000046315
005 20201002052802.0
008 150723s2006 dr acd 000 0 spa d
020 _a9945400010
100 1 _aRosa, María del Jesús de la
_910954
245 1 0 _aMatemática III & IV :
_beducación media /
_cMaría del Jesús de la Rosa, Juan Antonio Manzueta, Francisca Antonia Medrano ; ilustraciones Daniel Bisonó.
260 _aSanto Domingo :
_bActualidad Escolar 2000,
_c2006.
300 _a4 v. :
_bil., retrs., diagr. ;
_c28 cm.
500 _aLa biblioteca solamente posee el volumen III & IV que pertenece al 2 grado del primer ciclo de la educación media.
505 0 _aMatemática III --
_gunidad 1 --
_tRazonamiento --
_gunidad 2 --
_tEstadística --
_gunidad 3 --
_tRelaciones y funciones --
_gunidad 4 --
_tGeometría --
_aMatemática IV --
_gunidad 1 --
_tGeometría --
_gunidad 2 --
_tTrigonometría --
_gunidad 3 --
_tMovimientos del plano --
_gunidad 4 --
_tÁlgebra --
700 1 _aManzueta, Juan Antonio
_974337
700 1 _aMedrano, Francisca Antonia
_931220
700 1 _aBisonó, Daniel
_eil.
_974338
999 _c45804
_d45804
040 _aDO-SdBNP